Statistiken für Beliebteste Vornamen in Deutschland (Mädchen)

Klicken Sie hier um das Quiz zu spielen!

Allgemein

  • Dieses Quiz wurde 2.334 mal gespielt
  • Das Durchschnittsergebnis liegt bei 11 aus 25

Antwortstatistiken

PlatzName% Korrekt
13Anna
82%
8Marie
78%
14Lena
76%
4Hanna
67%
1Emma
59%
5Mia
59%
19Sophie
59%
9Lea
56%
2Sophia
54%
24Laura
49%
6Lina
44%
12Louisa
41%
3Emilia
40%
15Leonie
37%
16Emily
36%
11Klara
35%
18Johanna
31%
17Amelie
23%
20Ella
23%
23Maja
23%
21Charlotte
22%
22Nele
21%
7Mila
19%
10Leni
18%
25Mathilda
12%

Verteilung der Resultate

Perzentil nach korrekt beantworteten Fragen

Anzahl Personen mit jedem Resultat

Ihre Resultats-Entwicklung

Sie haben dieses Quiz noch nicht gespielt